Quizzes
Events
Quiz Creation
Community
Videos
Private Events
Remove Ads
Sign In
Join for FREE
Feedback
Dark Mode
Quiz Categories
Sports
Geography
Music
Movies
Television
Just For Fun
Miscellaneous
History
Literature
Language
Science
Gaming
Entertainment
Religion
Holiday
For Kids
Quiz Lab
Recent
Popular Today
Quiz Kudos Today
Editor Picks
Curator Picks
Quizzes by...
Day
Popularity
Type
Ratings
Length
Year
Community
Subscriptions
Recent Discussions
Orange Saloon
Badges
Playlists
Quests
Create
Leaderboards
Showdown
Live 5
Trivia Bingo
Activity
Puzzle Library
Sporcle Events
Private Events
Virtual Trivia
Globe League
Become a Host
Pub Owners
SporcleCon
Opinionation
Our Games
Videos
Blog
Mobile Apps
Partnerships
Remove Ads and Go Orange
Feedback
Gaming
Video Games
Board Games
Card Games
Pokémon
Mario
Nintendo
Minecraft
Console
Toys
Legend of Zelda
Gaming
Video Games
Board Games
Card Games
Pokémon
Mario
Nintendo
Minecraft
Console
Toys
Legend of Zelda
Random Quiz
Search Sporcle
×
Quiz Lab
Quiz Lab
Gaming
none
Type in answers that appear in a list
Type in answers that appear in a list
Classic
Best Score? Go Orange.
Poptropica Island Quiz Stats
Can you name the Poptropica Island Questions?
By
willturner524
5m
19 Questions
397 Plays
397 Plays
397 Plays
Comments
Comments
Give Quiz Kudos
Give Quiz Kudos
-
- Ratings
hide this ad
No Skip
Answers have to be entered in order without skipping
Answers have to be entered in order without skipping
Replay
Link that replays current quiz
Next Quiz
Link to next quiz in quiz playlist
You Got
0%
They Got
Avg Score
33%
Avg Friend Score
Upgrade to see
Score Distribution
Jump to the score distribution portion of the page
Score
0/19
Timer
05:00
0
Plays Today
Question
Answer
% Correct
?
???
100%
?
???
71%
?
???
58.7%
?
???
48.9%
?
???
46.6%
?
???
45.1%
?
???
44.1%
?
???
41.8%
?
???
37.5%
?
???
32%
Question
Answer
% Correct
?
???
24.7%
?
???
16.4%
?
???
11.8%
?
???
10.8%
?
???
8.8%
?
???
8.1%
?
???
8.1%
?
???
7.8%
?
???
7.3%
Quiz Playlist
Details
Report
Send in Message
Add To Playlist
Classic:
Type in answers that appear in a list
No Skip:
Answers have to be entered in order without skipping
Last Updated: Feb 16, 2017
Quiz Scoreboard
CHALLENGE
Sign Up to Join the Scoreboard
Show All
Scores
Hide
Comments
May contain spoilers
Recently Published
Alphabetical 'K' Countries by Flag Minefield
by ylime102
Geography
3m
Pick 6: Fruits
by JohnFran
Miscellaneous
15s
Click the 1999 NBA Draft
by nibperrychub
Sports
2m
More to Explore
Quiz From the Vault
Featured Blog Post
15 Basketball Trivia Facts You Can Be March Mad About
hide this ad
You Might Also Like...
Tags
island
none
poptropica
Today's Top Quizzes in Gaming
Browse Gaming
hide this ad
Today's Top Quizzes in none
Browse none
Top Contributed Quizzes in Gaming
1
Pokémon Gen IV Logic Puzzle (HARD)
2
HARD Pokemon Logic Puzzle
3
Honkai: Star Rail Technique Names Quiz
4
Order Genshin Impact characters by release date!
5
Stardew Valley Logic Puzzle
6
Genshin Impact Logic Puzzle Quiz
7
Danganronpa 1 Logic Puzzle
8
Pokémon Logic Puzzle (DIFFICULT)
9
Kingdom Hearts Logic Puzzle
10
Genshin Impact Logic Puzzle
Explore More
Trending Topics
NBA
Crossword
Kpop
Anime
Marvel
Harry Potter
Disney
NFL
Pokémon
Song
Country
The Office
WWE
Soccer
Puzzle
hide this ad
More By:
willturner524
Quiz
Plays
Rating
Category
Featured
Created
Skylanders: Spyro's Adventure
14,102
4.33
Gaming
Oct 27, 2011
Moshlings
2,032
5.00
Gaming
Oct 3, 2011
Smurfity Smurf Smurf Smurf!
721
1.80
Movies
Oct 8, 2011
Poptropica Island Quiz
397
1.00
Gaming
Sep 4, 2011
Duck Song Lyrics
263
2.33
Music
Oct 3, 2011
Go to Creator's Profile
Score Distribution
Quiz Creator Spotlight
willturner524
Follow
Send a Message
Quizzes Created
-
Created Quiz Play Count
-
More By This Creator
Popular Quizzes Today
1
Countries of Asia Without Outlines Minefield
2
Find the US States - No Outlines Minefield
3
Pick 6: Fruits
4
Alphabetical 'K' Countries by Flag Minefield
5
The Countries of the World
6
Find the US States
7
US States
8
Match the Book to the Film X
More Gaming Quizzes
Ocarina of Time World Map (Picture Click)
Curator's Pick
Trending Quizzes
Pick 6: Mountains
Pick 6: Harry Potter
Pick 6: NFL Teams
Pick 6: Movie Franchises
Pick 6: Golfers
Recently Updated
NWSL Teams
pecheneg
Women's Final Four Teams by Year
bhenderson79
Presidents Quartet II
eogle
Anything But Clue(do)
eogle
Anything But Oceanian Capitals
eogle
Anything But 7
eogle
Anything But Thing
eogle
Word Ladder: February 29
pecheneg
Song Title Questions
pecheneg
Women's NCAA Tournament #1 Seeds
pecheneg
Trending Topics
Disney
Anime
Harry Potter
NBA
Crossword
Marvel
Kpop
Song
Country
The Office
WWE
Pokémon
NFL
Soccer
Puzzle
Your Account Isn't Verified!
In order to create a playlist on Sporcle, you need to verify the email address you used during registration. Go to your
Sporcle Settings
to finish the process.
Report this User
Report this user for behavior that violates our
Community Guidelines
.
Details:
Send Report
Go to the Sporcle.com Mobile Site →
Comments